000 00457nam a2200181Ia 4500
005 20230523124501.0
008 131103s9999 xx 000 0 und d
040 _aLoreto College
041 _aEnglish
082 _a824.91
_bGAR
100 _aGardiner, A. G.
245 _aAlpha of the plough
_b third series
_cA. G. Gardiner
260 _aLondon
_bJ. M. Dent
_c1953
300 _a160p.
650 _aEnglish essays
850 _aLCLIB
942 _cBK
999 _c22794
_d73273